Thermal analysis of rubberwood (Record no. 48157)
[ view plain ]
| 000 -LEADER | |
|---|---|
| fixed length control field | 00972nam a2200145Ia 4500 |
| 100 ## - MAIN ENTRY--AUTHOR NAME | |
| Personal name | Tan A G |
| 245 #0 - TITLE STATEMENT | |
| Title | Thermal analysis of rubberwood |
| 260 ## - PUBLICATION, DISTRIBUTION, ETC. (IMPRINT) | |
| Name of publisher | Journal of Natural Rubber Research |
| Year of publication | 1987 |
| 300 ## - PHYSICAL DESCRIPTION | |
| Number of Pages | 82-93 |
| 520 ## - SUMMARY, ETC. | |
| Summary, etc | The thermal behaviour of rubberwood in an inert environment was examined using differential thermal analysis (DTA). The resultant DTA trace contains a number of peaks, both endothermic and exothermic, attributed to degradation of the individual wood components. The effects of particle size of the wood, the gass flow rate, the heating rate and fungal infestation on the thermal response of the material were investigated. Reducing the gas flow rate has almost the same effect as increasing the particle size of the wood. A comparison was also made between the thermal behaviour of rubberwood and those of other wood species. |
| 650 ## - SUBJECT ADDED ENTRY--TOPICAL TERM | |
| Topical Term | Rubberwood |
| 700 ## - ADDED ENTRY--PERSONAL NAME | |
| Personal name | Scott J B |
| 942 ## - ADDED ENTRY ELEMENTS (KOHA) | |
| Koha item type | Bibliography RLWO |
| Withdrawn status | Lost status | Damaged status | Not for loan | Home library | Current library | Date acquired | Serial Enumeration / chronology | Koha item type |
|---|---|---|---|---|---|---|---|---|
| Bibliography | RRII Library | RRII Library | 31/12/2021 | Volume 2, Issue 2 | Bibliography RLWO |